000 00672nam a22002297a 4500
001 00028578
005 20260318104425.0
008 260318b ag ||||| |||| 00| 0 spa d
020 _a9789500729703
040 _bspa
_cAR-CcCEOS
041 _aspa
080 _a070.44
090 _bMOR
100 1 _aMorales Solá, Joaquín,
_d1949-
_9908
245 _aLos kirchner :
_bLa política de la desmesura (2003-2008) /
_cJoaquin Morales Solá
250 _a1ª ed.
260 _aBuenos Aires :
_bSudamericana,
_c2008.
300 _a264 p. ;
_c24x15 cm.
490 _vInvestigación periodística
655 0 _ainvestigación periodistica
_9864
942 _2udc
_cBK
_n0
999 _c28608
_d28608